[Event "CYP-ch op"]
[Site "Limassol"]
[Date "2024.02.10"]
[Round "2"]
[White "Florentiades, Michalis"]
[Black "Konstantinides, Savvas"]
[Result "0-1"]
[WhiteElo "1969"]
[BlackElo "1462"]
[PlyCount "116"]
[EventDate "2024.02.09"]
[EventType "swiss"]
[EventRounds "9"]
[EventCountry "CYP"]
[SourceTitle "EXT 2025"]
[Source "ChessBase"]
[SourceDate "2024.10.14"]
[SourceVersion "1"]
[SourceVersionDate "2024.10.14"]
[SourceQuality "1"]

1. d4 Nf6 2. Bf4 g6 3. Nf3 d5 4. e3 Bg7 5. c3 0-0 6. Nbd2 c5 7. dxc5 Nfd7 8. Nb3 e5 9. Bg5 f6 10. Qxd5+ Kh8 11. Bh4 Nc6 12. Rd1 g5 13. Bg3 f5 14. h3 f4 15. Bh2 Ne7 16. Qe6 h6 17. Nxe5 Nxe5 18. Qd6 Qxd6 19. cxd6 N7c6 20. exf4 gxf4 21. Bb5 Bd7 22. Nc5 a6 23. Be2 Rae8 24. 0-0 f3 25. Bxf3 Nxf3+ 26. gxf3 Bxh3 27. Rfe1 Ne5 28. Bxe5 Bxe5 29. d7 Rg8+ 30. Kh1 Bg2+ 31. Kg1 Bxf3+ 32. Kf1 Bg2+ 33. Kg1 Bc6+ 34. Kf1 Bb5+ 35. Re2 Bxe2+ 36. Kxe2 Bd6+ 37. dxe8Q Rxe8+ 38. Kf3 Bxc5 39. Rd2 Kg7 40. b4 Rf8+ 41. Kg3 Rxf2 42. Rd5 Bb6 43. c4 Rf6 44. c5 Bc7+ 45. Kg4 Kg6 46. Rd7 Rf7 47. Rd4 h5+ 48. Kh3 Be5 49. Re4 Rf5 50. a4 Kg5 51. b5 h4 52. Rg4+ Kh6 53. c6 Rf3+ 54. Kg2 Rg3+ 55. Rxg3 hxg3 56. cxb7 axb5 57. a5 Bb8 58. a6 b4 0-1

[Event "CYP-ch op"]
[Site "Nicosia"]
[Date "2022.02.12"]
[Round "4"]
[White "Konstantinides, Savvas"]
[Black "Hadjiyiannis, Costas"]
[Result "0-1"]
[WhiteElo "1419"]
[BlackElo "1685"]
[PlyCount "62"]
[EventDate "2022.02.04"]
[EventType "swiss"]
[EventRounds "9"]
[EventCountry "CYP"]
[SourceTitle "CBM 207 Extra"]
[Source "ChessBase"]
[SourceDate "2022.05.31"]
[SourceVersion "1"]
[SourceVersionDate "2022.05.31"]
[SourceQuality "1"]

1. e4 g6 2. d4 Bg7 3. Nc3 d6 4. Nf3 c6 5. Bc4 Nf6 6. 0-0 0-0 7. Bg5 b5 8. Bb3 Qc7 9. d5 b4 10. Bxf6 Bxf6 11. Na4 c5 12. c3 a5 13. a3 c4 14. Bc2 b3 15. Bxb3 cxb3 16. Qxb3 Nd7 17. Nd4 Ba6 18. Rfd1 Rab8 19. Qc2 Bc4 20. b3 Bxd4 21. bxc4 Bg7 22. c5 Nxc5 23. Nxc5 Qxc5 24. Rdc1 Rfc8 25. Ra2 Qxc3 26. h3 Qxc2 27. Raxc2 Rxc2 28. Rxc2 Be5 29. g3 Rb3 30. Ra2 a4 31. Kf1 Bd4 0-1